[Event "Loudonville Bill Little Memorial"]
[Site "Loudonville"]
[Date "2016.04.02"]
[Round "3"]
[White "Thomas, Philip1"]
[Black "Magat, Gordon B"]
[Result "0-1"]
[WhiteElo "2071"]
[BlackElo "1927"]
[PlyCount "84"]
[EventDate "2016.04.01"]
[EventType "swiss"]
[EventRounds "5"]
[EventCountry "USA"]
[SourceTitle "EXT 2018"]
[Source "ChessBase"]
[SourceDate "2017.10.13"]
[SourceVersion "1"]
[SourceVersionDate "2017.10.13"]
[SourceQuality "1"]

1. Nf3 d5 2. d4 Nf6 3. c4 c6 4. Nc3 e6 5. e3 Nbd7 6. Qc2 Bd6 7. Bd3 dxc4 8. Bxc4 b5 9. Bd3 Bb7 10. a4 b4 11. Nb1 a5 12. 0-0 c5 13. Nbd2 cxd4 14. Nxd4 Rc8 15. Nc4 Bb8 16. Qe2 0-0 17. Rd1 Ne5 18. Nxe5 Bxe5 19. Nb3 Bd5 20. Nd2 Qc7 21. f4 Bd6 22. Kh1 e5 23. e4 Bb7 24. f5 Bc5 25. Nf3 Ng4 26. Rf1 Qb6 27. h3 Nf2+ 28. Rxf2 Bxf2 29. Nxe5 Rfe8 30. Ng4 Bd4 31. Bg5 Rc5 32. Rf1 f6 33. Bh4 Qc6 34. Ne3 Rxe4 35. Bxe4 Qxe4 36. Bf2 Bxe3 37. Bxe3 Rc2 38. Qf3 Qe7 39. Qg3 Rxg2 40. Qb8+ Kf7 41. Ba7 Rg3+ 42. Kh2 Qe2+ 0-1

[Event "SEMI KG Fischer Defence (2) email"]
[Site "SEMI email"]
[Date "2000.04.15"]
[Round "?"]
[White "Sveinsson, Jon Arni"]
[Black "Magat, Gordon B"]
[Result "0-1"]
[WhiteElo "2000"]
[BlackElo "2275"]
[PlyCount "94"]
[EventDate "2000.04.15"]
[EventType "tourn (corr)"]
[EventRounds "7"]
[EventCountry "ITA"]
[SourceTitle "Corr 2008"]
[Source "ChessBase"]
[SourceDate "2008.06.24"]
[SourceVersion "1"]
[SourceVersionDate "2008.06.24"]
[SourceQuality "1"]

1. e4 e5 2. f4 exf4 3. Nf3 d6 4. d4 g5 5. h4 g4 6. Ng1 f5 7. Bxf4 fxe4 8. Nc3 Nf6 9. Qd2 d5 10. 0-0-0 c6 11. Nge2 Be6 12. Ng3 Nbd7 13. Be2 Qe7 14. Rhf1 Bg7 15. Kb1 0-0 16. h5 Rf7 17. h6 Bh8 18. Bg5 Nf8 19. Nf5 Qd7 20. Bxf6 Rxf6 21. Bxg4 Ng6 22. Ng7 Bxg4 23. Rxf6 Bxd1 24. Nxd1 Rf8 25. Rxf8+ Nxf8 26. Ne3 Bxg7 27. hxg7 Qxg7 28. c4 Qg5 29. cxd5 cxd5 30. Kc2 Ng6 31. Qc3 Ne7 32. Kd2 Qg3 33. Ke2 b6 34. Kf1 Qd6 35. b4 a6 36. a4 Kf7 37. a5 b5 38. g4 Qf4+ 39. Ke2 Qf3+ 40. Kd2 Kg6 41. Ke1 Kg5 42. Qd2 Qh1+ 43. Ke2 Qh2+ 44. Ke1 Qxd2+ 45. Kxd2 h6 46. Ke2 Ng6 47. Kf2 Nf4 0-1

[Event "SEMI Dutch theme fin"]
[Site "SEMI email"]
[Date "1999.??.??"]
[Round "?"]
[White "Giancotti, Eraldo"]
[Black "Magat, Gordon B"]
[Result "1-0"]
[WhiteElo "1849"]
[BlackElo "1319"]
[PlyCount "67"]
[EventDate "1999.??.??"]
[EventType "tourn (corr)"]
[EventRounds "10"]
[EventCountry "ITA"]
[SourceTitle "Corr 2008"]
[Source "ChessBase"]
[SourceDate "2008.06.24"]
[SourceVersion "1"]
[SourceVersionDate "2008.06.24"]
[SourceQuality "1"]

1. d4 f5 2. c4 Nf6 3. g3 g6 4. Bg2 Bg7 5. Nf3 0-0 6. 0-0 d6 7. Nc3 c6 8. b3 a5 9. Bb2 Na6 10. Rc1 Qe8 11. d5 Nc5 12. Nd4 Bd7 13. e3 Rc8 14. a3 Qf7 15. b4 axb4 16. axb4 Nce4 17. Nde2 Ra8 18. Nxe4 fxe4 19. Bxf6 Qxf6 20. Bxe4 Bh3 21. Bg2 Bxg2 22. Kxg2 Ra2 23. Nf4 g5 24. Ne6 Rxf2+ 25. Kg1 Rf7 26. b5 Rxf1+ 27. Qxf1 Qb2 28. Qe1 Rf2 29. Qxf2 Qxc1+ 30. Qf1 Qxe3+ 31. Qf2 Qc1+ 32. Qf1 Qxf1+ 33. Kxf1 g4 34. dxc6 1-0

[Event "SEMI Dutch theme fin"]
[Site "SEMI email"]
[Date "1999.??.??"]
[Round "?"]
[White "Magat, Gordon B"]
[Black "Atienza, Hilario"]
[Result "1-0"]
[WhiteElo "1319"]
[BlackElo "1705"]
[PlyCount "51"]
[EventDate "1999.??.??"]
[EventType "tourn (corr)"]
[EventRounds "10"]
[EventCountry "ITA"]
[SourceTitle "Corr 2008"]
[Source "ChessBase"]
[SourceDate "2008.06.24"]
[SourceVersion "1"]
[SourceVersionDate "2008.06.24"]
[SourceQuality "1"]

1. d4 f5 2. g3 Nf6 3. Bg2 g6 4. Nf3 Bg7 5. 0-0 d6 6. b4 0-0 7. c4 c5 8. bxc5 dxc5 9. e3 Ne4 10. Bb2 Nc6 11. Nbd2 Be6 12. Rc1 Bf7 13. Nxe4 fxe4 14. Ne5 Nxe5 15. dxe5 Qd3 16. Qc2 Rad8 17. Bxe4 Qxc2 18. Rxc2 Rd7 19. Rfc1 Rfd8 20. Kf1 b6 21. Ke1 Be6 22. a4 Bf5 23. Bxf5 gxf5 24. Bc3 Rd3 25. Ke2 Kf7 26. a5 1-0

[Event "SEMI Dutch theme fin"]
[Site "SEMI email"]
[Date "1999.??.??"]
[Round "?"]
[White "Magat, Gordon B"]
[Black "Benussi, Alberto"]
[Result "1/2-1/2"]
[WhiteElo "1319"]
[BlackElo "1906"]
[PlyCount "93"]
[EventDate "1999.??.??"]
[EventType "tourn (corr)"]
[EventRounds "10"]
[EventCountry "ITA"]
[SourceTitle "Corr 2008"]
[Source "ChessBase"]
[SourceDate "2008.06.24"]
[SourceVersion "1"]
[SourceVersionDate "2008.06.24"]
[SourceQuality "1"]

1. d4 f5 2. g3 Nf6 3. Bg2 g6 4. Nf3 Bg7 5. 0-0 0-0 6. c4 d6 7. Nc3 Nc6 8. d5 Na5 9. Qa4 c5 10. dxc6 bxc6 11. Nd4 Bd7 12. Nxc6 Nxc6 13. Bxc6 Bxc6 14. Qxc6 Rc8 15. Qa4 Qd7 16. Nb5 Qc6 17. Qxa7 Qxc4 18. Nc3 Ne4 19. Qxe7 Rfe8 20. Qd7 Nxc3 21. bxc3 Red8 22. Qe7 Bxc3 23. Rb1 Re8 24. Qxd6 Rcd8 25. Qa3 Rxe2 26. Bb2 Bd2 27. Qa7 Bh6 28. Rfe1 Red2 29. Qa5 R2d5 30. Qc3 Qxc3 31. Bxc3 Rc5 32. Bf6 Rd7 33. a4 Kf7 34. Rb6 Bf8 35. Ra1 Rc4 36. Bg5 Bc5 37. Rb3 Rc2 38. Rf3 Bd4 39. Rc1 Ra2 40. Rc4 Ke6 41. Rf4 Bb6 42. Rc6+ Rd6 43. Rxd6+ Kxd6 44. h3 Kd5 45. Bf6 Ke6 46. Bg5 Kd5 47. Bf6 1/2-1/2